Les départements de France qui ont eu des vigilances rouges en 2023. - Statistiques

Statistiques générales
  • Ce quiz a été pris 124 fois
  • Le résultat moyen est 18 sur 30
Statistiques - réponses
Nombre de jours Aléas Département % Correct
4 Canicule et pluie-inondation Hérault
80%
4 Canicule Rhône
79%
3 Canicule Loire
78%
1 Pluie-inondation Alpes-Maritimes
76%
3 Canicule Gard
76%
3 Canicule Haute-Garonne
75%
3 Canicule Vaucluse
75%
1 Vent violent Finistère
73%
3 Canicule Tarn
72%
4 Canicule Drôme
71%
4 Canicule Ardèche
68%
3 Canicule Aveyron
68%
3 Canicule Lot
67%
3 Canicule Tarn-et-Garonne
65%
3 Canicule Lot-et-Garonne
64%
3 Canicule Lozère
60%
4 Crues et pluie-inondation Pas-de-Calais
60%
3 Canicule Gers
59%
3 Canicule Aude
58%
3 Canicule Isère
58%
3 Canicule Ain
56%
1 Vent violent Côtes-d'Armor
53%
4 Canicule Haute-Loire
53%
1 Vent violent Manche
44%
2 Crues Haute-Savoie
36%
1 Orage Jura
33%
1 Orage Doubs
31%
1 Orage Haut-Rhin
31%
1 Orage Territoire-de-Belfort
20%
1 Orage Haute-Saône
18%
Aucun quiz correspondant
Distribution des résultats
% des personnes avec chaque résultat
Percentile par nombre de réponses
Votre historique - résultats
Vous n’avez pas pris ce quiz